| 000 | 00655nam a2200241 a 4500 | ||
|---|---|---|---|
| 001 | BRCA_7652 | ||
| 005 | 20190320205928.0 | ||
| 008 | 260713s1922----gw-a######---#000-0#ger-# | ||
| 041 | _ager | ||
| 044 | _agw | ||
| 050 | 4 |
_aNB1160 _b.M3 1922 |
|
| 100 | 1 |
_aMayer, August L. _918868 |
|
| 245 | 1 | 0 |
_aMittelalterliche Plastik in Spanien _cAugust L. Mayer. |
| 260 |
_aMúnich _bDelphin _cc1922 |
||
| 300 |
_a27 p. _bil., 40 láminas _c34 cm. |
||
| 500 | _aVer también X26 | ||
| 500 | _aT69 | ||
| 650 | 1 | 4 |
_aArtes plásticas _zEspaña _918869 |
| 650 | 1 | 4 |
_aEscultura _zEspaña _99315 |
| 650 | 1 | 4 |
_aEscultura medieval _918870 |
| 902 | _aGFM | ||
| 942 |
_2lcc _cB |
||
| 999 |
_c7326 _d7326 |
||